| 000 | 00299nam a22001217a 4500 | ||
|---|---|---|---|
| 999 |
_c23106 _d23106 |
||
| 003 | NUST | ||
| 005 | 20170620121817.0 | ||
| 008 | 140408b xxu||||| |||| 00| 0 eng d | ||
| 020 | _cAvailable | ||
| 040 |
_aDLC _bDLC _cRCMS |
||
| 050 | _a621.395 MOR | ||
| 082 |
_a621.395 MOR _b000003 _23rd ed. |
||
| 100 |
_aM. Morris Mano _92910 |
||
| 245 |
_aDigital Design _cM. Morris Mano |
||
| 250 | _a3rd ed. | ||
| 260 |
_a India _bPearson Education _cc2004. |
||
| 538 | _iShelf # 09, Row # 1, History & Digital Design. | ||
| 856 | _3Table of Contents Only. | ||
| 942 |
_cBK _2ddc _h621.395 MOR |
||